Salatut elämät-hahmojen lapset - Statistics

Yleistilastot
  • Tätä visaa on pelattu 514 kertaa
    485 viimeisimmän päivityksen jälkeen
  • Keskiarvotulos 12 / 14
Vastaustilastot
Hahmo Lapsi Toinen vanhempi Sarjassa vuosina % Oikein
Ismo Laitela Kalle Laitela Liisa Laitela 1999-2001, 2002, 2012-
98%
Seppo Taalasmaa Kari Taalasmaa Ulla Taalasmaa 1999, 2001-2004, 2005, 2007-2010, 2014, 2015-2018, 2019-
97%
Elina Taalasmaa Onni Taalasmaa Tuomo Tervajoki 2007-2008, 2011-2018, 2019-2020, 2021-
93%
Ulla Taalasmaa Elina Taalasmaa Martti Viljanen 1999-2008, 2020-
92%
Ismo Laitela Miia Laitela Liisa Laitela 1999-2002
92%
Jukka Salin Saku Salin Maarit Salin 1999-2002
91%
Aki Nikkinen Alissa Nikkinen ei tiedetä 2015-2019
87%
Laura Kiviranta Oona Kiviranta Kari Taalasmaa 2003-2006, 2007-2010
87%
Jukka Salin Aleksi Salin Maarit Salin 1999-2004, 2008, 2014, 2019
83%
Jukka Salin Silja Hickley Maarit Salin 1999-2000, 2001, 2002
82%
Ismo Laitela Ressu Mattila Salla Mattila 2019-2020
76%
Jenni Vainio Niko Vainio Toni Veijalainen 2002-2008, 2009-2011, 2014
72%
Aleksi Salin Sofia Salin Hanna Salin 2000-2004, 2007-2008
68%
Laura Kiviranta Sauli Kiviranta Tom Bergqvist 2000-2001, 2003-2005
58%
Ehtoja vastaavia visoja ei löytynyt
Tulosjakauma
Jokaisen tuloksen saaneiden osuus
Persentiili vastausten määrän mukaan
Tuloshistoriasi
Et ole pelannut tätä visaa sen viimeisimmän päivityksen jälkeen